Antenna theory : (Record no. 195241)
[ view plain ]
| 000 -LEADER | |
|---|---|
| fixed length control field | 00965 a2200193 4500 |
| 003 - CONTROL NUMBER IDENTIFIER | |
| control field | Nust |
| 005 - DATE AND TIME OF LATEST TRANSACTION | |
| control field | 20230128131401.0 |
| 022 ## - INTERNATIONAL STANDARD SERIAL NUMBER | |
| International Standard Serial Number | 047166782x |
| 040 ## - CATALOGING SOURCE | |
| Transcribing agency | Nust |
| 082 ## - DEWEY DECIMAL CLASSIFICATION NUMBER | |
| Classification number | 621.3824,BLA |
| 100 ## - MAIN ENTRY--PERSONAL NAME | |
| Personal name | Balanis, Constantine A., |
| 9 (RLIN) | 18297 |
| 245 ## - TITLE STATEMENT | |
| Title | Antenna theory : |
| Remainder of title | analysis and design / |
| Medium | Constantine A. Balanis. |
| 250 ## - EDITION STATEMENT | |
| Edition statement | 3rd ed. |
| 260 ## - PUBLICATION, DISTRIBUTION, ETC. | |
| Place of publication, distribution, etc. | Hoboken, NJ : |
| Name of publisher, distributor, etc. | John Wiley, |
| Date of publication, distribution, etc. | c2005 |
| 300 ## - PHYSICAL DESCRIPTION | |
| Extent | xvii, 1050 p. : |
| Other physical details | ill. ; |
| Dimensions | 26 cm. |
| 505 ## - FORMATTED CONTENTS NOTE | |
| Formatted contents note | Antennas (Page-1), Fundamental Parameters of Antennas (Page-27), Linear Wire Antennas (Page-151), Loop Antennas (Page-231), Arrays (Page-283), Antenna Synthesis (Page-385), Integral Equations (Page-433), Broadband Dipoles (Page-497), Traveiing Wave (Page-549) , Aperture Antennas (Page-653), Horn Antennas (Page-739), Microstrip Antennas (Page-811), Refiector Antennas (Page-883), Smart Antennas (Page-945), Antenna Measurements (Page-1001). |
| 650 ## - SUBJECT ADDED ENTRY--TOPICAL TERM | |
| Topical term or geographic name entry element | Telecommunication Engineering |
| 942 ## - ADDED ENTRY ELEMENTS (KOHA) | |
| Source of classification or shelving scheme | |
| Koha item type | Book |
| Withdrawn status | Lost status | Source of classification or shelving scheme | Damaged status | Not for loan | Permanent Location | Current Location | Shelving location | Date acquired | Total Checkouts | Full call number | Barcode | Checked out | Date last seen | Date last checked out | Price effective from | Koha item type | Public note |
|---|---|---|---|---|---|---|---|---|---|---|---|---|---|---|---|---|---|
| Military College of Signals (MCS) | Military College of Signals (MCS) | General Stacks | 12/12/2016 | 2 | 621.3824, BAL | MCS36757 | 07/22/2025 | 03/24/2025 | 03/24/2025 | 12/12/2016 | Book | Almirah No.37, Shelf No.4 | |||||
| Military College of Signals (MCS) | Military College of Signals (MCS) | General Stacks | 12/12/2016 | 1 | 621.3824,BAL | MCS36758 | 06/25/2025 | 02/25/2025 | 02/25/2025 | 12/12/2016 | Book | Almirah No.23, Shelf No.1 | |||||
| Military College of Signals (MCS) | Military College of Signals (MCS) | General Stacks | 12/12/2016 | 5 | 621.3824,BAL | MCS36834 | 09/26/2024 | 08/15/2024 | 12/12/2016 | Book | Almirah No.37, Shelf No.4 | ||||||
| Military College of Signals (MCS) | Military College of Signals (MCS) | General Stacks | 02/15/2023 | 4 | 621.3824,BLA | MCS5100 | 05/14/2026 | 04/14/2026 | 04/14/2026 | 02/15/2023 | Book | Almirah No.37, Shelf No.4 |
